[Event "NZL-ch U10/20"]
[Site "Tauranga"]
[Date "2020.01.19"]
[Round "5"]
[White "Zhang, Boyuan"]
[Black "Gan, Emily Cathay"]
[Result "1-0"]
[WhiteElo "1588"]
[BlackElo "1350"]
[PlyCount "67"]
[EventDate "2020.01.15"]
[EventType "swiss"]
[EventRounds "6"]
[EventCountry "NZL"]
[SourceTitle "EXT 2023"]
[Source "ChessBase"]
[SourceDate "2022.10.05"]
[SourceVersion "1"]
[SourceVersionDate "2022.10.05"]
[SourceQuality "1"]

1. e4 d5 2. exd5 Nf6 3. d4 Nxd5 4. c4 Nb6 5. Nf3 Bf5 6. Bd3 Bxd3 7. Qxd3 N8d7 8. 0-0 g6 9. Re1 Bg7 10. Bg5 f6 11. Bf4 0-0 12. Nc3 Re8 13. Nb5 e5 14. dxe5 fxe5 15. Bg5 Qc8 16. Qb3 Nc5 17. Qe3 Ncd7 18. Rad1 e4 19. Nd2 Kh8 20. Bf4 Ne5 21. Qg3 a6 22. Rxe4 axb5 23. Bxe5 Bxe5 24. Rxe5 Nxc4 25. Nxc4 bxc4 26. Qc3 Rxe5 27. Qxe5+ Kg8 28. Qd5+ Kf8 29. Qxc4 b6 30. Rd3 b5 31. Rf3+ Kg7 32. Rf7+ Kh8 33. Qd4+ Kg8 34. Qg7# 1-0

[Event "NZL-ch Major op"]
[Site "Tauranga"]
[Date "2020.01.14"]
[Round "1"]
[White "Garland, Mana"]
[Black "Zhang, Boyuan"]
[Result "0-1"]
[WhiteElo "1338"]
[BlackElo "1808"]
[PlyCount "80"]
[EventDate "2020.01.14"]
[EventType "swiss"]
[EventRounds "9"]
[EventCountry "NZL"]
[SourceTitle "EXT 2021"]
[Source "ChessBase"]
[SourceDate "2020.10.23"]
[SourceVersion "1"]
[SourceVersionDate "2020.10.23"]
[SourceQuality "1"]

1. e4 c5 2. Nf3 d6 3. d4 cxd4 4. Nxd4 Nf6 5. Nc3 a6 6. Bd3 e6 7. 0-0 Be7 8. Re1 Nbd7 9. Nf3 0-0 10. Bd2 b6 11. Bg5 Bb7 12. Qe2 d5 13. e5 Ne8 14. Bxe7 Qxe7 15. Nd4 Nc5 16. Rad1 Nxd3 17. Rxd3 Rc8 18. Rg3 Qb4 19. Qd3 Qxb2 20. Rh3 g6 21. Nd1 Qxa2 22. Ree3 Qc4 23. Reg3 Qxd3 24. Rxd3 Ng7 25. g4 h5 26. gxh5 Nxh5 27. Rdf3 Rc4 28. c3 a5 29. Kg2 Ba6 30. Rh4 Rfc8 31. Ne3 Rxc3 32. Rxh5 gxh5 33. Rg3+ Kf8 34. Rg5 a4 35. Rxh5 a3 36. Rh8+ Ke7 37. Ndf5+ exf5 38. Rxc8 Rxc8 39. Nxd5+ Ke6 40. Nxb6 Rc6 0-1